Normal view
MARC view
Entry Personal Name
001 - CONTROL NUMBER
- control field: 144471
003 - CONTROL NUMBER IDENTIFIER
- control field: OSt
005 - DATE AND TIME OF LATEST TRANSACTION
- control field: 20231205151832.0
008 - FIXED-LENGTH DATA ELEMENTS
- fixed length control field: 231205|| aca||aabn | a|a d
040 ## - CATALOGING SOURCE
- Original cataloging agency: OSt
- Transcribing agency: OSt
100 ## - HEADING--PERSONAL NAME
- Personal name: Fernandes Denis; et.al
670 ## - SOURCE DATA FOUND
- Source citation: Work cat.: (OSt): Vishanz Pinto 144469, First world war Indian context, 2023